Quizzes
Events
Quiz Creation
Community
Videos
Private Events
Remove Ads
Sign In
Join for FREE
Feedback
Dark Mode
Quiz Categories
Sports
Geography
Music
Movies
Television
Just For Fun
Miscellaneous
History
Literature
Language
Science
Gaming
Entertainment
Religion
Holiday
For Kids
Quiz Lab
Recent
Popular Today
Quiz Kudos Today
Editor Picks
Curator Picks
Quizzes by...
Day
Popularity
Type
Ratings
Length
Year
Community
Subscriptions
Recent Discussions
Orange Saloon
Badges
Playlists
Quests
Create
Leaderboards
Showdown
Live 5
Trivia Bingo
Activity
Puzzle Library
Sporcle Events
Private Events
Virtual Trivia
Globe League
Become a Host
Pub Owners
SporcleCon
Opinionation
Our Games
Videos
Blog
Mobile Apps
Partnerships
Remove Ads and Go Orange
Feedback
Sports
Athletes
MLB
NBA
NHL
NFL
Soccer
Sports Teams
WWE
NCAA
Football
Premier League
Basketball
Baseball
Hockey
Golf
Tennis
Cricket
Rugby
Auto Racing
Olympics
World Cup
Sports
Athletes
MLB
NBA
NHL
NFL
Soccer
Sports Teams
WWE
NCAA
Football
Premier League
Basketball
Baseball
Hockey
Golf
Tennis
Cricket
Rugby
Auto Racing
Olympics
World Cup
Random Quiz
Search Sporcle
×
Quiz Lab
Quiz Lab
Sports
College
Type in answers that appear in a list
Type in answers that appear in a list
Classic
Best Score? Go Orange.
Wabash College Football 2000-10 Stats
Can you name the Wabash College football opponents for 2000-10?
By
JimSox5
10m
121 Questions
35 Plays
35 Plays
35 Plays
Comments
Comments
Give Quiz Kudos
Give Quiz Kudos
-
- Ratings
hide this ad
More Info
Replay
Link that replays current quiz
Next Quiz
Link to next quiz in quiz playlist
You Got
0%
They Got
Avg Score
64%
Avg Friend Score
Upgrade to see
Score Distribution
Jump to the score distribution portion of the page
Score
0/121
Timer
10:00
0
Plays Today
% Correct
DePauw
91.4%
DePauw
91.4%
DePauw
91.4%
DePauw
91.4%
DePauw
91.4%
DePauw
91.4%
DePauw
91.4%
DePauw
91.4%
DePauw
91.4%
DePauw
91.4%
DePauw
91.4%
Ohio Wesleyan
80%
Ohio Wesleyan
80%
Ohio Wesleyan
80%
Ohio Wesleyan
80%
Ohio Wesleyan
80%
Ohio Wesleyan
80%
Ohio Wesleyan
80%
Wittenberg
74.3%
Wooster
74.3%
Allegheny
74.3%
Wittenberg
74.3%
Wooster
74.3%
Allegheny
74.3%
Kenyon
74.3%
Allegheny
74.3%
Wittenberg
74.3%
Wooster
74.3%
Wittenberg
74.3%
Allegheny
74.3%
Wittenberg
74.3%
Wooster
74.3%
Wooster
74.3%
Wittenberg
74.3%
Allegheny
74.3%
Wooster
74.3%
Wittenberg
74.3%
Allegheny
74.3%
Allegheny
74.3%
Wittenberg
74.3%
Wooster
74.3%
% Correct
Allegheny
74.3%
Wittenberg
74.3%
Wooster
74.3%
Kenyon
74.3%
Allegheny
74.3%
Wittenberg
74.3%
Wooster
74.3%
Kenyon
74.3%
Allegheny
74.3%
Wittenberg
74.3%
Wooster
74.3%
Wooster
74.3%
Kenyon
74.3%
Allegheny
74.3%
Wittenberg
74.3%
Denison
71.4%
Denison
71.4%
Denison
71.4%
Denison
71.4%
Denison
71.4%
Denison
71.4%
Denison
71.4%
Denison
71.4%
Denison
71.4%
Oberlin
68.6%
Hiram
68.6%
Oberlin
68.6%
Hiram
68.6%
Oberlin
68.6%
Hiram
68.6%
Oberlin
68.6%
Hiram
68.6%
Oberlin
68.6%
Oberlin
68.6%
Oberlin
68.6%
Oberlin
68.6%
Oberlin
68.6%
Hiram
68.6%
Oberlin
68.6%
Hiram
68.6%
Oberlin
68.6%
% Correct
Mount Union
54.3%
Franklin
54.3%
Franklin
54.3%
Manchester
51.4%
Earlham
51.4%
Manchester
51.4%
Earlham
51.4%
Earlham
51.4%
Earlham
51.4%
Earlham
51.4%
Earlham
51.4%
Earlham
51.4%
Earlham
51.4%
Washington (MO)
48.6%
Washington (MO)
48.6%
Case Western Reserve
48.6%
Washington (MO)
48.6%
Case Western Reserve
48.6%
Washington (MO)
48.6%
Washington (MO)
48.6%
Kalamazoo
42.9%
Kalamazoo
42.9%
Kalamazoo
42.9%
Kalamazoo
42.9%
Wisconsin-Whitewater
42.9%
Wheaton
37.1%
Wheaton
37.1%
Chicago
37.1%
Wheaton
37.1%
Chicago
37.1%
Illinois Wesleyan
37.1%
Chicago
37.1%
Capital
28.6%
Mt. St. Joseph
28.6%
Albion
25.7%
MacMurray
20%
Huntingdon
20%
Millikin
20%
Millikin
20%
Quiz Playlist
Details
Report
Send in Message
Add To Playlist
More Info:
* Denotes Division III playoff game
Classic:
Type in answers that appear in a list
Last Updated: Feb 16, 2017
Quiz Scoreboard
CHALLENGE
Sign Up to Join the Scoreboard
Show All
Scores
Hide
Comments
May contain spoilers
Recently Published
College Basketball Coaching Resumes
by pancakes188
Sports
9m
Billboard Blitz: Fleetwood Mac
by CooCooCachoo
Music
15s
Presidents Visiting Landmarks
by Hejman
History
7m
More to Explore
Quiz From the Vault
Featured Blog Post
Where Did the Easter Bunny Come From?
hide this ad
You Might Also Like...
Tags
College Quiz
Football Quiz
opponent
Today's Top Quizzes in Sports
Browse Sports
hide this ad
Today's Top Quizzes in College
Browse College
Top Contributed Quizzes in Sports
1
2022 World Cup Stars
2
Les meilleurs buteurs des matchs entre le PSG et l’OM
3
FIFA Club World Cup Champions
4
Les entraîneurs de l'OM et du PSG au 21e siècle
5
Criteria MLB: Left Handed Sluggers
6
AFC Teams Reveal (Wrong Answers Minefield)
7
2023 MLB Unique Player Accomplishments
8
Players with Multiple 50 Home Run Seasons
9
5-to-1: FBS Animal Nicknames
10
5-to-1: UK Sports Teams
Explore More
Trending Topics
Anime
NBA
Harry Potter
Kpop
Marvel
Disney
Crossword
The Office
Soccer
NFL
Pokémon
Puzzle
Country
Song
WWE
hide this ad
More By:
JimSox5
Quiz
Plays
Rating
Category
Featured
Created
NBA Logos Without Red or Blue
69,866
4.49
Sports
Nov 8, 2011
Purdue Football Opponents 2000-10
764
5.00
Sports
Sep 12, 2011
Thinnest Countries (BMI)
502
3.14
Geography
Sep 30, 2011
NCAA Football Conferences of 1993
486
2.00
Sports
Oct 6, 2011
Knocked Indiana Out of NCAA Tournament
465
4.33
Sports
Jan 30, 2013
Go to Creator's Profile
Score Distribution
Quiz Creator Spotlight
JimSox5
Follow
Send a Message
Quizzes Created
-
Created Quiz Play Count
-
More By This Creator
Popular Quizzes Today
1
Find the US States - No Outlines Minefield
2
Find the Countries of Europe - No Outlines Minefield
3
The Countries of the World
4
Find the US States
5
Risky Map Clicking: Biggest States A-Z
6
US States
7
Popular People in 1961
8
Movies - When Are They Set?
More Sports Quizzes
ESPN World Fame 100 2019 (PICTURES)
Quiz Lab
Trending Quizzes
Risky Map Clicking: Least Populous States A-Z
1-10 Letter G Words
1-10 Letter F Words
Risky Map Clicking: Next State Alphabetically
Risky Map Clicking: Biggest States A-Z
Recently Updated
Leaping Animals
pecheneg
Reality TV Shows (A-Z)
bhenderson79
Rickey Henderson's Hall of Fame Teammates
pecheneg
Champions League XIs: Arsenal
pecheneg
Quick Pick: Celebrities in WWE's Hall of Fame
aduchscher
A-Z Keypad Blitz II
pecheneg
Multiple Oscar Actors
pecheneg
Mystery Phrase Blitz: Oscar 'Best Actors'
pecheneg
F. Scott Fitzgerald Novels
LTH
Pick 3 Villains
ddd62291
Trending Topics
NBA
Harry Potter
Disney
Kpop
Anime
Marvel
Crossword
Puzzle
NFL
Song
Soccer
The Office
Pokémon
WWE
Country
Your Account Isn't Verified!
In order to create a playlist on Sporcle, you need to verify the email address you used during registration. Go to your
Sporcle Settings
to finish the process.
Report this User
Report this user for behavior that violates our
Community Guidelines
.
Details:
Send Report
Go to the Sporcle.com Mobile Site →
Comments